Diamond Dogs - David Bowie - Statistics

General Stats
  • This quiz has been taken 28 times
  • The average score is 9 of 11
Answer Stats
Answer % Correct
Diamond Dogs
100%
1984
91%
Rebel Rebel
91%
Big Brother
82%
Sweet Thing
82%
Sweet Thing (Reprise)
82%
Candidate
77%
Future Legend
77%
We Are the Dead
73%
Chant of the Ever Circling Skeletal Family
68%
Rock 'n' Roll With Me
64%
No matching quizzes found
Score Distribution
Percent of People with Each Score
Percentile by Number Answered
Your Score History
You have not taken this quiz